00610nam a2200205Ia 4500003000400000005001700004008004100021020002200062040000700084041001200091082001600103100003800119245007000157260003900227300001200266365001200278650001900290650001900309700007600328OSt20251125161741.0210719s2015 xx 000 0 und d a978-81-260-4851-4 cAL akannada aK894.1 KURI aKURUP (O N V)dಕುರುಪ್ aE puratana kinnarib ಈ ಪುರಾತನ ಕಿನ್ನರಿ aNava DehalibSahitya Akademic2015 a200bHB b170cRs aKannada Poetry aKannada Poetry aNa Damodara Shettidದಾಮೋದರ ಶೆಟ್ಟಿ ನಾ